000 01273nam a2200325 i 4500
003 DO-SdBNP
005 20260212140720.0
007 ta
008 251208b2025 dr ||||| |||| 00| 0 spa d
020 _a9789945645910
040 _aDO-SdBNP
_bspa
_cBNPHU
_erda
041 _aspa
082 4 _axxx
_bD718a
_222
100 _aDorsonne, Roland
_d1977-
_eautor
_4aut.
_988758
245 1 0 _aAmour, plante médicinal = amor, planta medicinal Les pensées les plus pénétrantes de i'amour = los pensamientos del amor más penetrantes /
_cRoland Dorsonne ; corrección de Felix Antonio Muñoz Veras.
246 _aAmor, planta medicinal
246 _aAmour, plante médicinal
246 _aLes pensées les plus pénétrantes de i'amour = los pensamientos del amor más penetrantes
250 _aPrimera edición
264 4 _aSanto Domingo :
_bEditorial Amigo del Hogar,
_c©2025.
300 _a51 páginas ;
_c23 cm.
336 _atexto
_btxt
_2rdacontent
337 _asin mediación
_bn
_2rdamedia
338 _avolumen
_bnc
_2rdacarrier
500 _aIncluye datos biográficos del autor en la solapa de la contracubierta
590 _aInventariado, 2025 /LP
700 1 _aMuñoz Veras, Felix Antonio,
_ecorrector
_4corr.
_989008
910 _aLP
942 _2ddc
_cLBS1
999 _c60093
_d60093